<?xml version="1.0" encoding="UTF-8"?><?xml-stylesheet type="text/xsl" href="static/style.xsl"?><OAI-PMH xmlns="http://www.openarchives.org/OAI/2.0/" xmlns:xsi="http://www.w3.org/2001/XMLSchema-instance" xsi:schemaLocation="http://www.openarchives.org/OAI/2.0/ http://www.openarchives.org/OAI/2.0/OAI-PMH.xsd"><responseDate>2026-04-13T02:16:56Z</responseDate><request verb="GetRecord" identifier="oai:www.recercat.cat:2099.1/17235" metadataPrefix="marc">https://recercat.cat/oai/request</request><GetRecord><record><header><identifier>oai:recercat.cat:2099.1/17235</identifier><datestamp>2025-07-23T06:25:16Z</datestamp><setSpec>com_2072_1033</setSpec><setSpec>col_2072_452951</setSpec></header><metadata><record xmlns="http://www.loc.gov/MARC21/slim" xmlns:dcterms="http://purl.org/dc/terms/" xmlns:xsi="http://www.w3.org/2001/XMLSchema-instance" xmlns:doc="http://www.lyncode.com/xoai" xsi:schemaLocation="http://www.loc.gov/MARC21/slim http://www.loc.gov/standards/marcxml/schema/MARC21slim.xsd">
   <leader>00925njm 22002777a 4500</leader>
   <datafield ind2=" " ind1=" " tag="042">
      <subfield code="a">dc</subfield>
   </datafield>
   <datafield ind2=" " ind1=" " tag="720">
      <subfield code="a">Martínez Cantón, Laura Cristina</subfield>
      <subfield code="e">author</subfield>
   </datafield>
   <datafield ind2=" " ind1=" " tag="260">
      <subfield code="c">2012-06-18</subfield>
   </datafield>
   <datafield ind2=" " ind1=" " tag="520">
      <subfield code="a">[ANGLÈS] The Pont del Treball was a structure, from the early twentieth century, located in&#xd;
Barcelona. Unlike the historical works related to the world of architecture, on which we&#xd;
can find plenty of information, and most of them are cataloged, documentation related&#xd;
to engineering structures in many cases is scarce or nonexistent. There are a lot of&#xd;
cases in which structures are demolished without being reported. The Pont del Treball&#xd;
is a clear example of an structure that could be forgotten if any study or document is&#xd;
written. In this way, this minor thesis aims of studying the mentioned structure, which had&#xd;
social impact, since its construction in the Sagrera neighborhood. In this sense a&#xd;
historical view is done, including all the periods of the service life of the bridge, from the&#xd;
original project until its demolition and substitution.</subfield>
   </datafield>
   <datafield ind2=" " ind1=" " tag="520">
      <subfield code="a">[CASTELLÀ] El Pont del Treball era una estructura ubicada en Barcelona, de principios del siglo XX.&#xd;
A diferencia de las obras históricas relacionadas con el mundo de la arquitectura,&#xd;
sobre las cuales se puede encontrar abundante información, y la gran mayoría de ellas&#xd;
están catalogadas, la documentación asociada a obra civil, especialmente la de los&#xd;
primero puentes de hormigón armado, en muchos casos es escasa o incluso&#xd;
inexistente. Se podrían mencionar numerosos casos en los que, estructuras históricas,&#xd;
desaparecen sin que nadie deje constancia de ellas. Esto supone, en cierto modo,&#xd;
dejar en el olvido una parte de nuestra historia. El Pont del Treball, actualmente ya&#xd;
demolido, era un claro ejemplo de ello, que merecía un estudio y análisis. Así pues, el presente trabajo tiene por objeto ahondar en esta estructura particular,&#xd;
que no sólo ha sido un elemento funcional y que ha cumplido su misión para la que fue&#xd;
proyectada, sino que además ha tenido un impacto social desde su construcción en el&#xd;
barrio de la Sagrera. En este sentido se hace un recorrido histórico pasando por todas&#xd;
las etapas de su vida, desde el proyecto hasta su demolición y sustitución.</subfield>
   </datafield>
   <datafield tag="653" ind2=" " ind1=" ">
      <subfield code="a">Àrees temàtiques de la UPC::Enginyeria civil::Materials i estructures::Materials i estructures de formigó</subfield>
   </datafield>
   <datafield tag="653" ind2=" " ind1=" ">
      <subfield code="a">Treball bridge (Barcelona, Catalonia)--History</subfield>
   </datafield>
   <datafield tag="653" ind2=" " ind1=" ">
      <subfield code="a">Bridges--Design and construction</subfield>
   </datafield>
   <datafield tag="653" ind2=" " ind1=" ">
      <subfield code="a">Reinforced concrete construction</subfield>
   </datafield>
   <datafield tag="653" ind2=" " ind1=" ">
      <subfield code="a">Pont del Treball (Barcelona, Catalunya)--Història</subfield>
   </datafield>
   <datafield tag="653" ind2=" " ind1=" ">
      <subfield code="a">Ponts--Projectes i construcció</subfield>
   </datafield>
   <datafield tag="653" ind2=" " ind1=" ">
      <subfield code="a">Construcció en formigó armat</subfield>
   </datafield>
   <datafield ind2="0" ind1="0" tag="245">
      <subfield code="a">El Pont del Treball Digne: pasado, presente y futuro</subfield>
   </datafield>
</record></metadata></record></GetRecord></OAI-PMH>